Nhập môn phương trình vật lý- toán
Wedi'i Gadw mewn:
| Prif Awdur: | |
|---|---|
| Fformat: | Llyfr |
| Iaith: | Undetermined |
| Cyhoeddwyd: |
TP.HCM
Đại học Quốc gia TP.HCM
2001
|
| Pynciau: | |
| Mynediad Ar-lein: | http://lrc.tdmu.edu.vn/opac/search/detail.asp?aID=2&ID=4085 |
| Tagiau: |
Ychwanegu Tag
Dim Tagiau, Byddwch y cyntaf i dagio'r cofnod hwn!
|
| Thư viện lưu trữ: | Trung tâm Học liệu Trường Đại học Thủ Dầu Một |
|---|
| LEADER | 00597nam a2200181Ia 4500 | ||
|---|---|---|---|
| 001 | TDMU_4085 | ||
| 008 | 210410s9999 xx 000 0 und d | ||
| 082 | |a 530.15 | ||
| 090 | |b N4994 | ||
| 100 | |a Nguyễn, Công Tâm | ||
| 245 | 0 | |a Nhập môn phương trình vật lý- toán | |
| 260 | |a TP.HCM | ||
| 260 | |b Đại học Quốc gia TP.HCM | ||
| 260 | |c 2001 | ||
| 300 | |a 168tr. | ||
| 650 | |a Vật lý toán |x Phương trình | ||
| 856 | |u http://lrc.tdmu.edu.vn/opac/search/detail.asp?aID=2&ID=4085 | ||
| 980 | |a Trung tâm Học liệu Trường Đại học Thủ Dầu Một | ||